000 00398nam a2200169Ia 4500
001 2538
003 IN-NITTTR
005 20251114232932.0
008 251113s9999||||xx |||||||||||||| ||eng||
040 _beng
040 _cIN-NITTTR
041 _aeng
082 _a624.182 F112C
100 _aFaber, Oscar
245 0 _aConstructional steelwork simply explained /
_cFaber, Oscar
942 _2ddc
_cBK
999 _c3985
_d3985